<?xml version="1.0" encoding="UTF-8"?>
<record
    xmlns:xsi="http://www.w3.org/2001/XMLSchema-instance"
    xsi:schemaLocation="http://www.loc.gov/MARC21/slim http://www.loc.gov/standards/marcxml/schema/MARC21slim.xsd"
    xmlns="http://www.loc.gov/MARC21/slim">

  <leader>01744nam a22003137a 4500</leader>
  <controlfield tag="005">20140224120244.0</controlfield>
  <controlfield tag="008">140224s2007    ck abdogr|||| 00| 0 spa d</controlfield>
  <datafield tag="041" ind1=" " ind2=" ">
    <subfield code="a">spa</subfield>
  </datafield>
  <datafield tag="044" ind1=" " ind2=" ">
    <subfield code="a">ck</subfield>
  </datafield>
  <datafield tag="082" ind1=" " ind2=" ">
    <subfield code="a">558.098</subfield>
    <subfield code="b">C82o</subfield>
  </datafield>
  <datafield tag="110" ind1="2" ind2=" ">
    <subfield code="a">CORPOAMAZONIA</subfield>
    <subfield code="9">9689</subfield>
  </datafield>
  <datafield tag="245" ind1="1" ind2=" ">
    <subfield code="a">Opci&#xF3;n Amaz&#xF3;nica</subfield>
    <subfield code="c">CORPOAMAZONIA ; Edici&#xF3;n Alejandro Toro Guerrero, Luis Eduardo Cer&#xF3;n</subfield>
  </datafield>
  <datafield tag="260" ind1="3" ind2=" ">
    <subfield code="a">Mocoa</subfield>
    <subfield code="b">CORPOAMAZONIA</subfield>
    <subfield code="c">2007</subfield>
  </datafield>
  <datafield tag="300" ind1=" " ind2=" ">
    <subfield code="a">p. 66</subfield>
    <subfield code="b">il., fot., mapas, gr&#xE1;ficas, tablas</subfield>
    <subfield code="c">28 cm</subfield>
  </datafield>
  <datafield tag="500" ind1=" " ind2=" ">
    <subfield code="a">Enfoque en los Mopa-mopa (Elaeagia pastoensis Mora) con la excepci&#xF3;n del capitulo final en el municipio de Mocoa, departamento del Putumayo</subfield>
  </datafield>
  <datafield tag="504" ind1=" " ind2=" ">
    <subfield code="a">Contiene bibliograf&#xED;a al final de cada capitulo; excepto el capitulo final</subfield>
  </datafield>
  <datafield tag="505" ind1="2" ind2=" ">
    <subfield code="a">Identificaci&#xF3;n y Caracterizaci&#xF3;n p. 5 ; Estudio de propagaci&#xF3;n vegetativa por estacas, esquejes y acodos a&#xE9;reos p. 15 ; Diagn&#xF3;stico socio-econ&#xF3;mico de la cadena forestal productiva p. 27 ; Estudio de variables ecol&#xF3;gicas p. 41 ; Evaluaci&#xF3;n del potencial acuicola del Bagre Rayado (Pseudoplatystoma fasciatum) a diferentes densidades de siembre, en el Centro Experimental Amaz&#xF3;nico (CEA) de CORPOAMAZONIA p. 61</subfield>
  </datafield>
  <datafield tag="650" ind1=" " ind2=" ">
    <subfield code="a">Elaeagia pastoensis Mora</subfield>
    <subfield code="v">Revista</subfield>
    <subfield code="x">Mopa-mopa</subfield>
    <subfield code="z">Mocoa, Colombia</subfield>
    <subfield code="9">9842</subfield>
  </datafield>
  <datafield tag="650" ind1=" " ind2=" ">
    <subfield code="a">Ciencia</subfield>
    <subfield code="v">Revista</subfield>
    <subfield code="z">Mocoa, Colombia</subfield>
    <subfield code="9">9843</subfield>
  </datafield>
  <datafield tag="650" ind1=" " ind2=" ">
    <subfield code="a">Cultura</subfield>
    <subfield code="v">Revista</subfield>
    <subfield code="z">Mocoa, Colombia</subfield>
    <subfield code="9">9844</subfield>
  </datafield>
  <datafield tag="700" ind1="1" ind2=" ">
    <subfield code="a">Toro Guerrero, Alejandro</subfield>
    <subfield code="e">Edici&#xF3;n</subfield>
    <subfield code="9">9845</subfield>
  </datafield>
  <datafield tag="700" ind1="1" ind2=" ">
    <subfield code="a">Cer&#xF3;n, Luis Eduardo</subfield>
    <subfield code="e">Edici&#xF3;n</subfield>
    <subfield code="9">9694</subfield>
  </datafield>
  <datafield tag="700" ind1="1" ind2=" ">
    <subfield code="a">L&#xF3;pez Due&#xF1;as, Fernando</subfield>
    <subfield code="e">fot.</subfield>
    <subfield code="9">9695</subfield>
  </datafield>
  <datafield tag="700" ind1="1" ind2=" ">
    <subfield code="a">Toro Guerrero, Alejandro</subfield>
    <subfield code="e">fot.</subfield>
    <subfield code="9">9846</subfield>
  </datafield>
  <datafield tag="700" ind1="1" ind2=" ">
    <subfield code="a">G&#xF3;mez, Carlos Alberto</subfield>
    <subfield code="e">fot.</subfield>
    <subfield code="9">9697</subfield>
  </datafield>
  <datafield tag="700" ind1="1" ind2=" ">
    <subfield code="a">Galindez Cuayal, Ximena</subfield>
    <subfield code="e">fot.</subfield>
    <subfield code="9">9698</subfield>
  </datafield>
  <datafield tag="700" ind1="1" ind2=" ">
    <subfield code="a">Aponte Castilla, Daniel Mauricio</subfield>
    <subfield code="e">fot.</subfield>
    <subfield code="9">9699</subfield>
  </datafield>
  <datafield tag="942" ind1=" " ind2=" ">
    <subfield code="2">ddc</subfield>
    <subfield code="c">Impreso</subfield>
  </datafield>
  <datafield tag="999" ind1=" " ind2=" ">
    <subfield code="c">8135</subfield>
    <subfield code="d">8135</subfield>
  </datafield>
  <datafield tag="952" ind1=" " ind2=" ">
    <subfield code="0">0</subfield>
    <subfield code="1">0</subfield>
    <subfield code="2">ddc</subfield>
    <subfield code="4">0</subfield>
    <subfield code="7">0</subfield>
    <subfield code="8">GENERAL</subfield>
    <subfield code="I">INV2017</subfield>
    <subfield code="a">Bogota</subfield>
    <subfield code="b">Bogota</subfield>
    <subfield code="d">2014-02-24</subfield>
    <subfield code="e">Instituto</subfield>
    <subfield code="g">39000.00</subfield>
    <subfield code="l">0</subfield>
    <subfield code="o">LB-558.098 C82o</subfield>
    <subfield code="p">034048</subfield>
    <subfield code="r">2014-02-24 00:00:00</subfield>
    <subfield code="t">Ej. 1</subfield>
    <subfield code="w">2014-02-24</subfield>
    <subfield code="x">Donaci&#xF3;n</subfield>
    <subfield code="y">LIBRO</subfield>
  </datafield>
</record>
